000
00212 a2200097 4500
001
45559
100
_a
Tyler, A
245
_a
The accidental tourist
260
_a
London
_b
Penguin books
_c
090
_c
28722
_d
28722
942
_a
NUST-CAE
_c
M
_c
20805
999
_c
280632
_d
280632